| 000 | 00969nam a2200241Ia 4500 | ||
|---|---|---|---|
| 999 |
_c42087 _d42087 |
||
| 001 | 8777 | ||
| 003 | GE_BSU | ||
| 005 | 20241008114612.0 | ||
| 008 | 181216s2012||||ge |||||||||||||| ||geo|| | ||
| 040 | _cGE_BSU | ||
| 041 | _ageo | ||
| 080 | _a616.8(076.5) ვ-25 | ||
| 100 |
_aვაშაძე, შორენა _92747 |
||
| 245 |
_aკლინიკური ნევროლოგიის პრაქტიკული სახელმძღვანელო / _cშორენა ვაშაძე. |
||
| 250 | _aმე-2გამოც. | ||
| 264 |
_aბათუმი, _c2012. |
||
| 300 |
_a140 გვ; . _bილ; _c20 სმ. |
||
| 504 | _aბიბლიოგრაფ:გვ.140-141. | ||
| 653 | _aკლინიკური ნევროლოგიის პრაქტიკული სახელმძღვანელო | ||
| 653 | _aნევროლოგია | ||
| 653 | _aმედიცინა | ||
| 942 |
_cBK _2udc |
||